000 00381nam a2200181Ia 4500
001 14411
005 20260306164912.0
008 260306t2008||||xx |||||||||||||| ||spa||
041 _aESP
082 _a512.9
_bB17
100 _aBaldor, Aurelio
_eAUT
245 0 _aÁlgebra
260 _c2008
300 _a
_c
650 _aGEN
654 _aCMA
942 _cLIB
_dJUS
_fJUS
_2ddc
_n
999 _c14411
_d14411